Detalles MARC
| 000 -CABECERA |
| campo de control de longitud fija |
00909nam a2200265 i 4500 |
| 003 - IDENTIFICADOR DEL NÚMERO DE CONTROL |
| campo de control |
vecauma |
| 005 - FECHA Y HORA DE LA ÚLTIMA TRANSACCIÓN |
| campo de control |
20260410183540.0 |
| 007 - CAMPO FIJO DE DESCRIPCIÓN FÍSICA--INFORMACIÓN GENERAL |
| campo de control de longitud fija |
ta |
| 008 - DATOS DE LONGITUD FIJA--INFORMACIÓN GENERAL |
| campo de control de longitud fija |
260410s1961 ve |||||r|||| 00| 0 spa d |
| 040 ## - FUENTE DE LA CATALOGACIÓN |
| Centro catalogador/agencia de origen |
vecauma |
| Lengua de catalogación |
spa |
| Centro/agencia transcriptor |
vecauma |
| Centro/agencia modificador |
vecauma |
| Normas de descripción |
rda |
| 041 0# - CÓDIGO DE LENGUA |
| Código de lengua del recurso |
spa |
| 099 ## - Cota |
| Sufijo de archivo |
FOLLETO 0402 |
| 100 1# - AUTOR PERSONAL |
| Nombre de persona |
Rosenblat, Ángel, |
| Fechas asociadas al nombre |
1902-1984 |
| Término indicativo de función/relación |
autor |
| 9 (RLIN) |
6414 |
| 245 13 - MENCIÓN DE TÍTULO |
| Título |
El pensamiento gramatical de Bello |
| Mención de responsabilidad, etc. |
/ Ángel Rosenblat. |
| 264 #1 - PRODUCCIÓN, PUBLICACIÓN, DISTRIBUCIÓN, FABRICACIÓN Y COPYRIGHT |
| Producción, publicación, distribución, fabricación y copyright |
Caracas, Venezuela : |
| Nombre del de productor, editor, distribuidor, fabricante |
Ediciones del Liceo "Andrés Bello", |
| Fecha de producción, publicación, distribución, fabricación o copyright |
1961. |
| 300 ## - DESCRIPCIÓN FÍSICA |
| Extensión |
44 páginas. |
| 336 ## - TIPO DE CONTENIDO |
| Término de tipo de contenido |
texto |
| Código de tipo de contenido |
txt |
| Fuente |
rdacontenido |
| 337 ## - TIPO DE MEDIO |
| Nombre/término del tipo de medio |
no mediado |
| Código del tipo de medio |
n |
| Fuente |
rdamedio |
| 338 ## - TIPO DE SOPORTE |
| Nombre/término del tipo de soporte |
volumen |
| Código del tipo de soporte |
nc |
| Fuente |
rdasoporte |
| 500 ## - NOTA GENERAL |
| Nota general |
Conferencia pronunciada en el Auditórium del Liceo "Andrés Bello", en noviembre de 1959. |
| 600 10 - PUNTO DE ACCESO ADICIONAL DE MATERIA--NOMBRE DE PERSONA |
| 9 (RLIN) |
20 |
| Nombre de persona |
Bello, Andrés, |
| Fechas asociadas al nombre |
1781-1865 |
| Subdivisión general |
Gramática |
| 650 #0 - PUNTO DE ACCESO ADICIONAL DE MATERIA--TÉRMINO DE MATERIA |
| 9 (RLIN) |
4726 |
| Término de materia |
ESPAÑOL |
| Subdivisión general |
GRAMATICA |
| 942 #1 - ELEMENTOS DE ENTRADA AGREGADA (KOHA) |
| Fuente del sistema de clasificación o colocación |
Library of Congress Classification |
| Ocultar en OPAC |
No |
| Tipo de ítem Koha |
Folletos |